000 00617nam a2200229Ia 4500
003 OSt
005 20221007081701.0
006 a|||||r|||| 00| 0
007 ta
008 221006b |||||||| |||| 00| 0 eng d
024 _a12,951
037 _cTextual
040 _aFLL
_cFLL
_beng
041 _2eng
_aeng
082 _aV5:5:N5, L5
100 _aJacobs Francis G.
_9284049
245 0 _aEuropean convention on human rights
260 _aOxford
_bClarendon Press Oxford
_c1975
300 _axi,286p
_ccm.
942 _hV5:5:N5, L5
_cTEXL
_2CC
999 _c1163950
_d1163950